LEADER 01054nam0-22003251i-450- 001 990007849690403321 005 20070503115819.0 035 $a000784969 035 $aFED01000784969 035 $a(Aleph)000784969FED01 035 $a000784969 100 $a20040114d1971----km-y0itay50------ba 101 0 $aita 102 $aIT 105 $ay----n--001yy 200 1 $aIntorno alle proposizioni fisheriane sul concetto di reddito$eil teorema della doppia tassazione del risparmio come una questione di definizione del reddito 210 $aMilano$cGiuffrè$d1971 215 $a122 p.$d24 cm 300 $aIn testa al front.: Università degli studi di Roma, Facoltà di scienze politiche 676 $a343.04$v11$zita 700 1$aLuciani,$bNino$0112733 801 0$aIT$bUNINA$gRICA$2UNIMARC 901 $aBK 912 $a990007849690403321 952 $aH 698$b1016$fDSS 952 $aH2.512$b6129$fDECTS 959 $aDSS 959 $aDECTS 996 $aIntorno alle proposizioni fisheriane sul concetto di reddito$9671387 997 $aUNINA